A Boston Landmark Tour - Statistics

General Stats
  • This quiz has been taken 22 times
  • The average score is 8 of 16
Answer Stats
Picture Hint Answer % Correct
Fenway Park
100%
Boston Common
82%
Fanueil Hall
65%
USS Constitution
65%
Bunker Hill Monument
59%
Paul Revere House
59%
Harvard University
53%
Old State House
53%
Building on Left Quincy Market
47%
Boston Public Library
41%
Boston Tea Party Ships
41%
New England Aquarium
41%
Old North Church
41%
Isabella Stewart Gardener Museum
35%
Massachusetts State House
35%
JFK Presidential Library
29%
No matching quizzes found
Score Distribution
Percent of People with Each Score
Percentile by Number Answered
Your Score History
You have not taken this quiz